Robot : Thế giới công nghệ cao của bạn

Spremljeno u:
Bibliografski detalji
Glavni autor: Nguyễn, Thiện Phúc
Format: Knjiga
Jezik:Undetermined
Izdano: Hà Nội Khoa học và Kỹ thuật 2004
Teme:
Oznake: Dodaj oznaku
Bez oznaka, Budi prvi tko označuje ovaj zapis!
Thư viện lưu trữ: Trung tâm Học liệu Trường Đại học Cần Thơ
LEADER 00594nam a2200205Ia 4500
001 CTU_112286
008 210402s9999 xx 000 0 und d
020 |c 50000 
082 |a 670.4272 
082 |b Ph506 
100 |a Nguyễn, Thiện Phúc 
245 0 |a Robot : 
245 0 |b Thế giới công nghệ cao của bạn 
245 0 |c Nguyễn Thiện Phúc 
260 |a Hà Nội 
260 |b Khoa học và Kỹ thuật 
260 |c 2004 
650 |a Robots, industrial,Robotics 
904 |i Minh 
980 |a Trung tâm Học liệu Trường Đại học Cần Thơ